| 000 | 00521nam a22002057a 4500 | ||
|---|---|---|---|
| 003 | OSt | ||
| 005 | 20220107122731.0 | ||
| 008 | 140226b xxu||||| |||| 00| 0 eng d | ||
| 020 | _a9789350238455 | ||
| 040 | _cIIITM-K | ||
| 082 | _a006.76 NOR/D | ||
| 100 |
_aNordin, Dani _93303 |
||
| 245 |
_aDrupal: _bFor designers _cby Dani Nordin |
||
| 260 |
_aMumbai, _bO'Reilly, _c2012. |
||
| 300 | _axx, 303p. | ||
| 650 |
_aCOMPUTER SCIENCE _93304 |
||
| 650 |
_aWEB DESIGNING _93305 |
||
| 650 |
_aDRUPAL _93306 |
||
| 942 |
_2ddc _cBK |
||
| 999 |
_c3622 _d3622 |
||